Data divination : (Record no. 22709)

MARC details
000 -LEADER
fixed length control field 02792cam a22003015a 4500
001 - CONTROL NUMBER
control field 18097349
005 - DATE AND TIME OF LATEST TRANSACTION
control field 20201128023916.0
008 - FIXED-LENGTH DATA ELEMENTS--GENERAL INFORMATION
fixed length control field 140331t2015 maua fr 001 0 eng d
020 ## - INTERNATIONAL STANDARD BOOK NUMBER
International Standard Book Number 9781305115088
020 ## - INTERNATIONAL STANDARD BOOK NUMBER
International Standard Book Number 1305115082
040 ## - CATALOGING SOURCE
Original cataloging agency UKMGB
Language of cataloging eng
Transcribing agency UKMGB
Modifying agency OCLCO
-- OCLCF
-- YDXCP
-- BTCTA
-- UOK
-- MOU
-- DLC
-- EG-ScBUE
082 04 - DEWEY DECIMAL CLASSIFICATION NUMBER
Classification number 005.740684
Edition number 22
Item number BAK
100 1# - MAIN ENTRY--PERSONAL NAME
Personal name Baker, Pam.
245 10 - TITLE STATEMENT
Title Data divination :
Remainder of title big data strategies /
Statement of responsibility, etc Pam Baker.
260 ## - PUBLICATION, DISTRIBUTION, ETC. (IMPRINT)
Place of publication, distribution, etc Boston :
Name of publisher, distributor, etc Cengage Learning PTR,
Date of publication, distribution, etc c.2015.
300 ## - PHYSICAL DESCRIPTION
Extent xvi, 416 p. :
Other physical details ill. ;
Dimensions 24 cm.
500 ## - GENERAL NOTE
General note Index : p. 407-416.
505 0# - FORMATTED CONTENTS NOTE
Formatted contents note What is big data, really? -- How to fomulate a winning big data strategy -- How to ask the "right" questions of big data -- How to pick the "right" data sources -- Why the answer to your big data question resembles a Rubik's cube -- The role of real-time analytics in rolling your strategy -- The big data value propostion and monetization -- Rise of the collaborative economy and ways to profit from it -- The privacy conundrum -- Use cases in the department of defense and intelligence community -- Use cases in governments -- Use cases in security -- Use cases in healthcare -- Use cases in small businesses and farms -- Use cases in transportation -- Use cases in energy -- Uses cases in retail -- Use cases in banking and financial services -- Use cases in manufacturing -- Empowering the workforce -- Executive summary.
520 ## - SUMMARY, ETC.
Summary, etc Our world is being transformed by big data. The growth of the Internet and the rapid expansion of mobile communications and related technologies have created a massive flow of data--both structured and unstructured. The availability and use of that data has enormous implications for businesses and for the wider society. Used effectively, big data can drive businesses in the direction of more accurate analyses of vital information, leading ultimately to greater operational efficiencies, cost reductions, reduced risk, speedier innovations, and increased and new revenue. In this book, you'll find detailed instruction in big data strategy development and implementation, supported by numerous real-world business cases in ten distinct industries. You will learn what big data is and how to wield it--from calculating ROI and making a business case to developing overall and project-specific strategies that actually work. Each chapter answers key questions and will give you the skills you need to make your big data projects succeed.
650 #7 - SUBJECT ADDED ENTRY--TOPICAL TERM
Topical term or geographic name as entry element Information technology
General subdivision Management.
Source of heading or term BUEsh
9 (RLIN) 12426
650 #7 - SUBJECT ADDED ENTRY--TOPICAL TERM
Topical term or geographic name as entry element Big data.
Source of heading or term BUEsh
9 (RLIN) 36502
650 #7 - SUBJECT ADDED ENTRY--TOPICAL TERM
Topical term or geographic name as entry element Business
General subdivision Data processing.
Source of heading or term BUEsh
9 (RLIN) 1676
650 #7 - SUBJECT ADDED ENTRY--TOPICAL TERM
Topical term or geographic name as entry element Database management.
Source of heading or term BUEsh
9 (RLIN) 11309
651 ## - SUBJECT ADDED ENTRY--GEOGRAPHIC NAME
Source of heading or term BUEsh
653 ## - INDEX TERM--UNCONTROLLED
Resource For college Informatics and Computer Science
Arrived date list October2016
700 1# - ADDED ENTRY--PERSONAL NAME
Personal name Gourley, Bob,
942 ## - ADDED ENTRY ELEMENTS (KOHA)
Source of classification or shelving scheme Dewey Decimal Classification
Holdings
Withdrawn status Item status Source of classification or shelving scheme Damaged status Not for loan Vendor Home library Current library Shelving location Date acquired Source of acquisition Cost, normal purchase price Serial Enumeration / chronology Total Checkouts Full call number Barcode Date last seen Cost, replacement price Koha item type
    Dewey Decimal Classification     Baccah Central Library Central Library Lower Floor 19/10/2016 Purchase 423.00 9128   005.740684 BAK 000034330 15/07/2025 528.75 Book - Borrowing